Differential equations in abstract spaces
Збережено в:
| Автори: | , |
|---|---|
| Формат: | Книга |
| Мова: | Англійська |
| Опубліковано: |
Nueva York
Academic Press
1972
|
| Серія: | Mathematics in Science and Engineering, 85
|
| Предмети: | |
| Теги: |
Додати тег
Немає тегів, Будьте першим, хто поставить тег для цього запису!
|
MARC
| LEADER | 00000nam a2200000 a 4500 | ||
|---|---|---|---|
| 001 | UCO0090 | ||
| 003 | CL-VaPUC | ||
| 008 | 000407e19720000US |||||||||||||||||eng|d | ||
| 082 | 0 | 4 | |a 515.35 |b LAD |2 21 |
| 100 | 0 | |a Ladas, G. E |e author |9 441079 | |
| 700 | 0 | |a Lakshmikantham |e author |9 441080 | |
| 245 | 1 | 0 | |a Differential equations in abstract spaces |
| 300 | |a 218 p | ||
| 942 | |c BK | ||
| 945 | |d 20000407 00:00:00 |a vberengu | ||
| 260 | |a Nueva York |b Academic Press |c 1972 | ||
| 650 | 0 | |a Ecuaciones diferenciales |9 260083 | |
| 650 | 0 | |a Ecuaciones diferenciales no lineales |9 270831 | |
| 650 | 0 | |a Ecuaciones no lineales |9 343071 | |
| 583 | |a last modification |c 20000407 00:00:00 |k Rodrigo Vera | ||
| 490 | 0 | |a Mathematics in Science and Engineering, 85 | |
| 999 | |c 286808 |d 286806 | ||
| 952 | |0 0 |1 0 |4 0 |6 515_350000000000000_LAD_1972 |7 0 |8 A |9 332973 |a BIBMAT |b BIBMAT |d 2019-11-20 |i 3603261 |o 515.35 LAD 1972 |p 3603261 |r 2025-01-07 |w 2019-11-20 |y BK |k MAT | ||